Greek Monsters Pt.1 - Statistics

General Stats
  • This quiz has been taken 26 times
  • The average score is 6 of 14
Answer Stats
Hint Answer % Correct
three headed dog Cerberus
83%
Nine heads Hydra
83%
Flaming bird Phoenix
83%
Bull Minotaur
72%
Snake Head Medusa
67%
Goat man Satyr
56%
Fire-breathing hybrid Chimera
39%
Dog from the Underworld Hellhound
39%
Lion Nemean Lion
33%
One eye Cyclopes
17%
Bird woman Harpies
11%
Tree woman Dryads
6%
Female serpent Dracaena
0%
Water spirit Naiad
0%
No matching quizzes found
Score Distribution
Percent of People with Each Score
Percentile by Number Answered
Your Score History
You have not taken this quiz